00665nam a2200169 a 450000100100000000500170001000800410002704000250006810000310009324500620012426000890018630000200027571000690029504900090036495201050037399900170047800002670320200930030350.0110324s1960 dr 000 0 spa d aDO-SdBNPbspacBNPHU1 aAbinader, José R.95381510aBosquejo de un estudio económico /cJosé R. Abinader. aCiudad Trujillo, República Dominicana :bSecretaría de Estado de Finanza,c1960. a31 p. ;c22 cm.2 aRepública DominicanabSecretaría de Estado de Finanza953816 aBNPD 0010718PDaPDbPDcCTd2011-03-24iLF1l0o p26703-10r2020-06-25w2020-06-25yLFPDZNo se presta c26195d26195